| 000 | 00411pam a2200157a 44500 | ||
|---|---|---|---|
| 008 | 230515b1994 xxu||||| |||| 00| 0 eng d | ||
| 020 | _aNULL | ||
| 041 | _aENGL | ||
| 082 | _a342 FRC. | ||
| 100 | _a"F.R.C.H.," | ||
| 245 | _aPANCHAYATI RAJ & HEALTH | ||
| 250 | _a0 | ||
| 260 |
_aBOMBAY _bFOUNDATION FOR RESEARCH IN COMMUNITY HEALTH _c1994 |
||
| 300 | _aV+12 | ||
| 650 | _a"CONSTTITUTIONAL LAW,PANCHAYATI RAJ" | ||
| 999 |
_c538902 _d538902 |
||